000 00282nam a2200109Ia 4500
008 231219s9999 xx 000 0 und d
041 _aeng
100 _aDavid A.Aaker and V.Kumar
245 _aMarketing Research
260 _bJohn Wiley and Sons New York.
650 _aManagement
999 _c979073
_d979073